000 00660cam a2200205 4500
001 L130102
008 050622n2005 000 0 eng u
020 _a0110724054
035 _a(Sirsi) u130102
041 _aeng
245 4 _aThe Insolvency (Amendment) Regulations 2005
260 _aLondon
_bOPSI
_c2005
490 _aSI
_v2005: 512
650 _aENTERPRISE ACT 2002
650 _aINSOLVENCY (AMENDMENT) REGULATIONS 2005
650 _aINSOLVENCY ACT 2000
690 _aMANAGEMENT-CORPORATE RECOVERY
856 _uhttps://www.legislation.gov.uk/uksi/2005/512/contents/made
_zView the item free of charge at www.legislation.gov.uk...
942 _n0
999 _c104352
_d104352